00445nam a2200193Ia 4500003000900000008004100009040001300050040001300063041000800076100002000084245004100104250002200145260002300167260000900190300001100199300001200210490002300222490000600245IT-RoPAU120407s9999 xx 000 0 und d aIT-RoPAU cIT-RoPAU aita aRoman Bleistein a"Alfred Delp Storia di un testimone" aCinisello Balsamo aSan Paolo Edizioni c1994 a336 p. c23,5 cm aGrandi biografie,4 v1